Statistics for Most Popular Jetpunk Users (July 2018)

Click here to take the quiz!

General Stats

  • This quiz has been taken 15 times
  • The average score is 8 of 50

Answer Stats

# Country User % Correct
21Jiaozira
75%
6KoljiVriVoda
50%
4Quizzer6794
50%
9-kalbahamut
50%
1relessness
42%
7-kiwirage
42%
2scambigol
42%
3Jerry928
42%
5Gamer1162
33%
22PSTSCCH
25%
38joez
25%
14Geoguy
25%
8-CBTemple
25%
17Gassu69
25%
20-WolfCam
25%
23Kestrana
25%
26-alberici
17%
27nichster
17%
39Tottenham63
17%
12Kvkq
17%
40-scambiandJerry
17%
10-Third Party
17%
19markjohan
17%
13buck1017
17%
18-MattPunk
17%
31-manchesterutd10
8%
35-gjcsarris
8%
36StewartF
8%
30skukka
8%
25-dub
8%
16-mac212121
8%
15-katsudk
8%
29-zwizdan007
8%
24cosmokim
8%
11-LBA
8%
28-girplease
8%
46-MattPett12
0%
45-cuotak
0%
47-Macaco
0%
48-LegendBlackKyurem
0%
50-MitchellDavid
0%
49-RBM5
0%
44-angel0703
0%
43-GymnastPunk
0%
34-exotic
0%
37TheJSDevil
0%
33-helen62442
0%
32-jillibean414
0%
41-Amburr
0%
42-CtG526
0%

Score Distribution

Percentile by Number Answered

Percent of People with Each Score

Your Score History

You have not taken this quiz